| 000 | 00992nam a22002055i 4500 | ||
|---|---|---|---|
| 001 | 162703 | ||
| 003 | ES-MaACL | ||
| 005 | 20230906212601.0 | ||
| 008 | 030919s1897 sp |||| | spa d | ||
| 040 |
_aCCPB | B _bspa _cCCPB | B |
||
| 080 | _a551.435.74(460.233 Torroella de Montgrí) | ||
| 100 | 1 |
_aPuig y Valls, Rafael. _9131419 |
|
| 245 | 1 | 0 |
_aNota acerca de las causas de la humedad existente en las dunas de Torroella de Montgrí _b: leída en la Real Academia de Ciencias de Barcelona / _cpor Rafael Puig y Valls. |
| 260 |
_aMadrid : _bimprenta de Ricardo Rojas, _c1897. |
||
| 300 |
_a16 p. ; _c25 cm. |
||
| 530 | _aDisponible también en sitio web. | ||
| 650 | 4 |
_aDunas- _zTorroella de Montgrí. _9150168 |
|
| 852 |
_aES-MaACL _jT-831-F-12 _z-- Enc. hol., conservando la enc. original _z-- Enc. en un vol. facticio _z.- Ded. ms. del autor |
||
| 856 |
_uhttp://bibliotecadigitalhispanica.bne.es:80/webclient/DeliveryManager?pid=3310813&custom_att_2=simple_viewer _zIr a la página |
||
| 999 |
_c162703 _d162703 |
||